| 000 | 00552nam a2200193Ia 4500 | ||
|---|---|---|---|
| 008 | 131103s9999 xx 000 0 und d | ||
| 040 | _aLoreto College | ||
| 041 | _aEnglish | ||
| 082 |
_a378.54/SHA/378.54/HIG _bLCLIB/17784 |
||
| 245 |
_aHigher Education in India _cedited by A.B.Shah |
||
| 260 |
_aBombay _bLalvani Publishing House _c1967 |
||
| 300 |
_axvii,235 p. _c 22 cm. |
||
| 504 | _aIncludes bibliographical references | ||
| 650 | _aEducation | ||
| 651 | _aHigher Education | ||
| 700 | _aShah,A.B.,ed. | ||
| 850 | _aLCLIB | ||
| 942 | _cBK | ||
| 999 |
_c10838 _d61317 |
||